[Event "Manhattan op"]
[Site "New York"]
[Date "2011.08.17"]
[Round "1"]
[White "Bartholomew, John"]
[Black "Tarifa, Alket"]
[Result "1-0"]
[WhiteElo "2442"]
[BlackElo "2206"]
[PlyCount "115"]
[EventDate "2011.08.17"]
[EventType "swiss"]
[EventRounds "9"]
[EventCountry "USA"]
[SourceTitle "CBM 143 Extra"]
[Source "ChessBase"]
[SourceDate "2011.08.29"]
[SourceVersion "1"]
[SourceVersionDate "2011.08.29"]
[SourceQuality "1"]

1. d4 d5 2. c4 c6 3. Nf3 Nf6 4. Nc3 g6 5. cxd5 Nxd5 6. e4 Nxc3 7. bxc3 Bg7 8. Be2 0-0 9. 0-0 Nd7 10. Bg5 Re8 11. Rc1 Qc7 12. e5 Nf8 13. Qb3 Bg4 14. h3 Bxf3 15. Bxf3 e6 16. Rb1 Rab8 17. Qa3 h6 18. Be3 b6 19. c4 Nd7 20. Qd6 Rec8 21. Rfd1 Bf8 22. Qxc7 Rxc7 23. Bf4 g5 24. Bg3 Bg7 25. Re1 Rd8 26. d5 cxd5 27. cxd5 Nc5 28. d6 Rcc8 29. Re3 f5 30. exf6 Bxf6 31. Bg4 Bd4 32. Bxe6+ Kg7 33. Be5+ Bxe5 34. Bxc8 Bd4 35. Re7+ Kf6 36. Bg4 Rxd6 37. Rxa7 Ne4 38. Rf1 Bc5 39. Ra4 Nc3 40. Rc4 Nxa2 41. Kh1 Nb4 42. f4 Nd3 43. fxg5+ Kxg5 44. g3 h5 45. h4+ Kh6 46. Be2 Ne5 47. Re4 Nd7 48. Rd1 Rxd1+ 49. Bxd1 Nf6 50. Re6 Kg6 51. Bxh5+ Kf5 52. Bf7 b5 53. Re1 b4 54. Kg2 Bd4 55. Kf3 Nh7 56. Bb3 Nf8 57. g4+ Kf6 58. g5+ 1-0

[Event "Bar op-B"]
[Site "Bar"]
[Date "2008.04.04"]
[Round "8"]
[White "Meta, Bimi"]
[Black "Tarifa, Alket"]
[Result "0-1"]
[WhiteElo "2039"]
[BlackElo "2193"]
[PlyCount "75"]
[EventDate "2008.03.29"]
[EventType "swiss"]
[EventRounds "9"]
[EventCountry "YUG"]
[SourceTitle "CBM 123 Extra"]
[Source "ChessBase"]
[SourceDate "2008.05.06"]
[SourceVersion "1"]
[SourceVersionDate "2008.05.06"]
[SourceQuality "1"]

1. e4 d5 2. e5 c5 3. d4 Bf5 4. Bb5+ Nc6 5. Bxc6+ bxc6 6. c3 e6 7. Ne2 h5 8. 0-0 Nh6 9. Qa4 Qd7 10. Bg5 Bd3 11. Re1 Bxe2 12. Rxe2 Nf5 13. Nd2 cxd4 14. cxd4 c5 15. Qxd7+ Kxd7 16. dxc5 Bxc5 17. Nb3 Rhc8 18. Kf1 Bb6 19. Rd1 Rc6 20. h3 h4 21. Rd3 Rac8 22. g4 hxg3 23. fxg3 Rc2 24. g4 Ne7 25. Bxe7 Kxe7 26. Rdd2 Rxd2 27. Rxd2 Rc4 28. Re2 Re4 29. Rxe4 dxe4 30. Ke2 Kd7 31. a4 Kc6 32. h4 Kd5 33. g5 g6 34. Nd2 Bd4 35. b4 Bxe5 36. b5 Bc7 37. Nf1 Bb6 38. Ne3+ 0-1

[Event "Bar Sozina op"]
[Site "Bar"]
[Date "2006.03.20"]
[Round "3"]
[White "Miladinovic, Igor"]
[Black "Tarifa, Alket"]
[Result "1-0"]
[WhiteElo "2607"]
[BlackElo "2170"]
[PlyCount "87"]
[EventDate "2006.03.18"]
[EventType "swiss"]
[EventRounds "9"]
[EventCountry "YUG"]
[SourceTitle "CBM 111 Extra"]
[Source "ChessBase"]
[SourceDate "2006.05.09"]
[SourceVersion "1"]
[SourceVersionDate "2006.05.09"]
[SourceQuality "1"]

1. d4 d5 2. Bg5 h6 3. Bh4 c6 4. Nf3 Qb6 5. Qc1 Bf5 6. e3 e6 7. c4 Be7 8. Bxe7 Nxe7 9. Nc3 Nd7 10. b3 0-0 11. Be2 Bh7 12. 0-0 a6 13. Qa3 Rfe8 14. Rac1 Rad8 15. Rfd1 Nf6 16. Ne5 Ne4 17. Bh5 g6 18. Nxe4 dxe4 19. Be2 h5 20. c5 Qc7 21. Nc4 Nd5 22. Nd6 Rf8 23. Nxe4 Qe7 24. Nd6 Rd7 25. Bf3 f5 26. Nc4 Qf6 27. Ne5 Rg7 28. Bxd5 exd5 29. f4 g5 30. Rf1 Kh8 31. Qb2 Rfg8 32. Rc2 h4 33. fxg5 Qxg5 34. Rf4 Qh5 35. Qc1 Bg6 36. Nf3 Rh7 37. Qe1 Be8 38. h3 Rg3 39. Kh2 Rgg7 40. Rxh4 Qg6 41. Rxh7+ Kxh7 42. Qh4+ Kg8 43. Ne5 Qe6 44. Rf2 1-0

[Event "Belgrade Trophy 18th"]
[Site "Obrenovac"]
[Date "2005.??.??"]
[Round "5"]
[White "Tarifa, Alket"]
[Black "Milutinovic, Dejan D"]
[Result "0-1"]
[WhiteElo "2155"]
[BlackElo "2104"]
[PlyCount "160"]
[EventDate "2005.11.22"]
[EventType "swiss"]
[EventRounds "9"]
[EventCountry "YUG"]
[SourceTitle "CBM 109 Extra"]
[Source "ChessBase"]
[SourceDate "2006.01.03"]
[SourceVersion "2"]
[SourceVersionDate "2006.01.03"]
[SourceQuality "1"]

1. e4 e5 2. Bc4 Nf6 3. d3 Be7 4. Nc3 0-0 5. f4 exf4 6. Bxf4 d6 7. Qd2 Nh5 8. Be3 c6 9. 0-0-0 b5 10. Bb3 b4 11. Na4 c5 12. Bd5 Qd7 13. Nxc5 dxc5 14. Bxa8 Nc6 15. g4 Nf6 16. g5 Ne8 17. Nf3 Nc7 18. Bxc6 Qxc6 19. Qf2 Be6 20. h4 Nb5 21. Kd2 Rd8 22. Ke1 Qc7 23. Rg1 Qa5 24. Ne5 Rc8 25. Qd2 Qxa2 26. Qc1 Nd4 27. Bxd4 cxd4 28. Nf3 b3 29. Nxd4 bxc2 30. Nxc2 Bb3 31. Rg2 Qa4 32. Qa1 Bxc2 33. Qxa4 Bxa4 34. Ra1 Bb3 35. Rxa7 Rc1+ 36. Ke2 Bf8 37. Ra8 g6 38. Rb8 Bd1+ 39. Ke3 Rc7 40. b4 Kg7 41. Rb2 Bd6 42. b5 Rd7 43. Rc8 Bg4 44. d4 Rb7 45. Rc6 Bb8 46. b6 Bd7 47. Rcc2 Kf8 48. e5 Bf5 49. Rc5 Ke7 50. Kf4 Kd8 51. d5 Bd7 52. d6 Ke8 53. Ke4 Be6 54. Ra5 Kd7 55. Ra3 Kc6 56. Rc3+ Kd7 57. Kd4 Kd8 58. Kc5 Bd7 59. Rc1 Be8 60. Kd5 Bd7 61. Rh1 Bg4 62. Rf1 Be6+ 63. Kc6 Kc8 64. Kc5 Rd7 65. Kc6 Rb7 66. Rc2 Bb3 67. Rc3 Ba4+ 68. Kc5 Kd8 69. e6 fxe6 70. Rf8+ Be8 71. Rd3 Rd7 72. Rh8 e5 73. Rf8 e4 74. Rd4 e3 75. Rf3 e2 76. Re3 Rf7 77. Rxe2 Rf5+ 78. Rd5 Rf1 79. Re7 Rc1+ 80. Kd4 Bc6 0-1

[Event "BCF-chT 0203 (4NCL)"]
[Site "West Bromwich"]
[Date "2003.03.09"]
[Round "6.8"]
[White "Tidman, Sophie E"]
[Black "Tarifa, Alket"]
[Result "1-0"]
[WhiteElo "2129"]
[BlackElo "2159"]
[PlyCount "103"]
[EventDate "2002.11.??"]
[EventType "team"]
[EventRounds "11"]
[EventCountry "ENG"]
[SourceTitle "EXT 2004"]
[Source "ChessBase"]
[SourceDate "2003.11.25"]
[SourceVersion "1"]
[SourceVersionDate "2003.11.25"]
[SourceQuality "1"]
[WhiteTeam "BET"]
[BlackTeam "Slough"]
[WhiteTeamCountry "ENG"]
[BlackTeamCountry "ENG"]

1. e4 e5 2. Nf3 Nc6 3. Bc4 Bc5 4. 0-0 Nf6 5. d3 h6 6. Nc3 a6 7. Ne2 d6 8. h3 Be6 9. Ng3 Qd7 10. c3 Ba7 11. Bb3 g5 12. d4 Bxb3 13. axb3 exd4 14. cxd4 0-0-0 15. Qd3 g4 16. hxg4 Qxg4 17. Bd2 h5 18. Nh2 Qg6 19. Nf5 Rhg8 20. g3 Rde8 21. Rfe1 Rh8 22. Nh4 Qh7 23. d5 Ne5 24. Qc2 Nfg4 25. Nxg4 Nxg4 26. Re2 Re7 27. Nf5 Rd7 28. Rc1 Bb6 29. Bc3 Rg8 30. e5 Kb8 31. e6 fxe6 32. dxe6 Rdd8 33. e7 Rc8 34. Ng7 Rxg7 35. e8Q Bxf2+ 36. Kh1 Rxe8 37. Rxe8+ Ka7 38. Bxg7 Qxg7 39. Qxc7 Qd4 40. Qc4 Qxb2 41. Re2 Qf6 42. Qf4 Qd4 43. Qxd4+ Bxd4 44. Re7 Be5 45. Rcc7 a5 46. Rxb7+ Ka6 47. Kg2 Ne3+ 48. Kf3 Nf5 49. Rec7 Nxg3 50. Rb8 h4 51. b4 axb4 52. Rc2 1-0

[Event "BCF-chT3 0203 (4NCL)"]
[Site "West Bromwich"]
[Date "2003.03.08"]
[Round "5.4"]
[White "Tabatabai, John"]
[Black "Tarifa, Alket"]
[Result "1/2-1/2"]
[WhiteElo "2052"]
[BlackElo "2159"]
[PlyCount "62"]
[EventDate "2002.11.??"]
[EventType "team"]
[EventRounds "11"]
[EventCountry "ENG"]
[SourceTitle "EXT 2004"]
[Source "ChessBase"]
[SourceDate "2003.11.25"]
[SourceVersion "1"]
[SourceVersionDate "2003.11.25"]
[SourceQuality "1"]
[WhiteTeam "Nidum Knights"]
[BlackTeam "Slough II"]
[WhiteTeamCountry "ENG"]
[BlackTeamCountry "ENG"]

1. b4 d5 2. Bb2 Bf5 3. Nf3 e6 4. e3 Nf6 5. a3 h6 6. c4 c6 7. d3 Be7 8. Nbd2 0-0 9. Be2 a5 10. Qb3 Na6 11. Bc3 Bh7 12. 0-0 a4 13. Qb2 b5 14. cxb5 cxb5 15. Be5 Qd7 16. Rac1 Ne8 17. Rc3 f6 18. Bg3 Bd6 19. Rfc1 Bxg3 20. hxg3 Nd6 21. Kf1 Rfc8 22. Rxc8+ Rxc8 23. Nb1 Bg6 24. Rxc8+ Qxc8 25. Qc3 Qxc3 26. Nxc3 Be8 27. e4 Nc7 28. Ke1 Kf7 29. Kd2 dxe4 30. Nxe4 Nxe4+ 31. dxe4 e5 1/2-1/2

[Event "BCF-chT3 0203 (4NCL)"]
[Site "West Bromwich"]
[Date "2003.01.19"]
[Round "4.3"]
[White "Tarifa, Alket"]
[Black "Lim, Chin Lee"]
[Result "0-1"]
[WhiteElo "2159"]
[BlackElo "2060"]
[PlyCount "128"]
[EventDate "2002.11.??"]
[EventType "team"]
[EventRounds "11"]
[EventCountry "ENG"]
[SourceTitle "EXT 2004"]
[Source "ChessBase"]
[SourceDate "2003.11.25"]
[SourceVersion "1"]
[SourceVersionDate "2003.11.25"]
[SourceQuality "1"]
[WhiteTeam "Slough II"]
[BlackTeam "White Rose II"]
[WhiteTeamCountry "ENG"]
[BlackTeamCountry "ENG"]

1. e4 e5 2. Nf3 Nc6 3. Bc4 Bc5 4. c3 Nf6 5. d3 0-0 6. 0-0 d6 7. Bb3 Bb6 8. Nbd2 a6 9. h3 Ba7 10. Nc4 b5 11. Ne3 Na5 12. Bc2 Re8 13. a4 c5 14. Nd5 Nxd5 15. exd5 Bf5 16. Re1 c4 17. dxc4 Bxc2 18. Qxc2 bxc4 19. Bg5 f6 20. Be3 Nb3 21. Rad1 Qd7 22. Bxa7 Rxa7 23. Re4 Qxa4 24. Nd2 Rc8 25. Nxb3 cxb3 26. Rxa4 bxc2 27. Rc1 Rc5 28. c4 Rac7 29. Rxc2 Rxd5 30. Rxa6 Rd4 31. b3 d5 32. Ra4 Kf7 33. Kf1 Ke7 34. Ke2 Rb7 35. cxd5 Rxd5 36. Rc3 h5 37. Rac4 Kd6 38. b4 Rdb5 39. Rb3 Rd5 40. Rd3 Ra7 41. Rc2 e4 42. Rdc3 Rb7 43. Rc4 Ke5 44. h4 f5 45. g3 Rdb5 46. Rc5+ Ke6 47. Rxb5 Rxb5 48. Rb2 Kd5 49. Ke3 Kc4 50. Kf4 Kc3 51. Rb1 Kc2 52. Re1 g6 53. Kg5 Rb6 54. b5 Kd2 55. Rb1 Ke2 56. Rb2+ Kf3 57. Kh6 f4 58. gxf4 Kxf4 59. Kg7 g5 60. hxg5 Kxg5 61. Kf7 h4 62. Ke7 h3 63. Kd7 h2 64. Rb1 Kg4 0-1

[Event "BCF-chT2 0102 (4NCL)"]
[Site "Birmingham"]
[Date "2002.05.06"]
[Round "11.5"]
[White "Tarifa, Alket"]
[Black "Webb, Laurence"]
[Result "1/2-1/2"]
[WhiteElo "2249"]
[BlackElo "2239"]
[PlyCount "86"]
[EventDate "2001.09.22"]
[EventType "team"]
[EventRounds "11"]
[EventCountry "ENG"]
[SourceTitle "EXT 2003"]
[Source "ChessBase"]
[SourceDate "2002.11.25"]
[SourceVersion "1"]
[SourceVersionDate "2002.11.25"]
[SourceQuality "1"]
[WhiteTeam "Slough II"]
[BlackTeam "Richmond"]
[WhiteTeamCountry "ENG"]
[BlackTeamCountry "ENG"]

1. e4 e5 2. Nf3 Nc6 3. Bc4 Nf6 4. Ng5 Bc5 5. Bxf7+ Ke7 6. Bb3 Rf8 7. 0-0 d6 8. Nc3 h6 9. Nd5+ Nxd5 10. exd5 Nd4 11. Ne4 Bb6 12. c3 Nxb3 13. axb3 Qe8 14. d3 Qg6 15. Be3 Bg4 16. Qd2 Bf3 17. Ng3 Bxd5 18. c4 Bc6 19. d4 exd4 20. Bxd4 Kf7 21. b4 Bxd4 22. Qxd4 Qf6 23. Qd2 Kg8 24. b5 Bd7 25. f3 Be6 26. b3 Qf7 27. Rfe1 b6 28. Re3 Rfe8 29. Rae1 Bd7 30. Ne4 Rad8 31. Nc3 Rxe3 32. Rxe3 Re8 33. Ne4 Re5 34. Qd4 Bf5 35. Nc3 Rxe3 36. Qxe3 Be6 37. Qd4 Kf8 38. Kf2 Ke7 39. Ne2 Qf6 40. Ke3 Qg5+ 41. Nf4 Kd7 42. h4 Qg3 43. Qc3 Bf7 1/2-1/2

[Event "BCF-chT 0102 (4NCL)"]
[Site "Birmingham"]
[Date "2002.05.05"]
[Round "10.7"]
[White "Ledger, Stephen C"]
[Black "Tarifa, Alket"]
[Result "1/2-1/2"]
[WhiteElo "2168"]
[BlackElo "2249"]
[PlyCount "80"]
[EventDate "2001.09.22"]
[EventType "team"]
[EventRounds "11"]
[EventCountry "ENG"]
[SourceTitle "CBM 084 Extra"]
[Source "ChessBase"]
[SourceDate "2001.10.26"]
[SourceVersion "1"]
[SourceVersionDate "2001.10.26"]
[SourceQuality "1"]
[WhiteTeam "Midland Monarchs"]
[BlackTeam "Slough"]
[WhiteTeamCountry "ENG"]
[BlackTeamCountry "ENG"]

1. d4 d5 2. Nf3 Bf5 3. Bf4 e6 4. e3 c6 5. Be2 h6 6. 0-0 Nf6 7. Nbd2 Be7 8. c4 Nbd7 9. h3 0-0 10. Qb3 Qb6 11. c5 Qxb3 12. axb3 Ne4 13. b4 f6 14. Nb3 Bd8 15. Rfc1 Re8 16. b5 e5 17. Bh2 Bc7 18. Na5 Rab8 19. bxc6 bxc6 20. Nxc6 Rxb2 21. Bd3 Bxh3 22. Bxe4 dxe4 23. gxh3 exf3 24. Rxa7 exd4 25. Rxc7 dxe3 26. Rxd7 Rxf2 27. Re7 Rg2+ 28. Kh1 Rxe7 29. Nxe7+ Kf7 30. Nf5 e2 31. Nd4 Rf2 32. Nxe2 fxe2 33. Kg1 Rf5 34. Bg3 Rd5 35. Re1 Rxc5 36. Rxe2 f5 37. Kf2 g5 38. Be5 Kg6 39. Kf3 Rc4 40. Kg2 h5 1/2-1/2

[Event "BCF-chT2 0102 (4NCL)"]
[Site "Birmingham"]
[Date "2002.03.24"]
[Round "8.1"]
[White "Mack, Andrew"]
[Black "Tarifa, Alket"]
[Result "1/2-1/2"]
[WhiteElo "2275"]
[BlackElo "2249"]
[PlyCount "66"]
[EventDate "2001.09.22"]
[EventType "team"]
[EventRounds "11"]
[EventCountry "ENG"]
[SourceTitle "EXT 2003"]
[Source "ChessBase"]
[SourceDate "2002.11.25"]
[SourceVersion "1"]
[SourceVersionDate "2002.11.25"]
[SourceQuality "1"]
[WhiteTeam "Barbican III"]
[BlackTeam "Slough II"]
[WhiteTeamCountry "ENG"]
[BlackTeamCountry "ENG"]

1. e4 c6 2. d4 d5 3. Nd2 dxe4 4. Nxe4 Bf5 5. Ng3 Bg6 6. h4 h6 7. Nf3 Nd7 8. h5 Bh7 9. Bd3 Bxd3 10. Qxd3 Ngf6 11. Bd2 e6 12. Qe2 Be7 13. 0-0-0 Qc7 14. Ne5 Nxe5 15. dxe5 Nd5 16. Kb1 b5 17. f4 b4 18. Ne4 Rb8 19. Rh3 c5 20. c4 bxc3 21. Nxc3 c4 22. Nxd5 exd5 23. Bc3 0-0 24. Rg3 Bb4 25. Bxb4 Rxb4 26. Qg4 f5 27. exf6 Rxf6 28. Rxd5 Rb7 29. Re5 Qc6 30. Qf3 Qd7 31. Rd5 Qe7 32. Re5 Qd7 33. Rd5 Qe7 1/2-1/2

[Event "BCF-chT2 0102 (4NCL)"]
[Site "Birmingham"]
[Date "2002.01.19"]
[Round "5.2"]
[White "McMichael, Richard"]
[Black "Tarifa, Alket"]
[Result "1-0"]
[WhiteElo "2265"]
[BlackElo "2249"]
[PlyCount "83"]
[EventDate "2001.09.22"]
[EventType "team"]
[EventRounds "11"]
[EventCountry "ENG"]
[SourceTitle "EXT 2003"]
[Source "ChessBase"]
[SourceDate "2002.11.25"]
[SourceVersion "1"]
[SourceVersionDate "2002.11.25"]
[SourceQuality "1"]
[WhiteTeam "Kings Head"]
[BlackTeam "Slough II"]
[WhiteTeamCountry "ENG"]
[BlackTeamCountry "ENG"]

1. c4 e5 2. g3 g6 3. Bg2 Bg7 4. Nc3 c6 5. e4 d6 6. Nge2 Be6 7. b3 Bg4 8. f3 Bd7 9. 0-0 Ne7 10. d4 0-0 11. Ba3 exd4 12. Nxd4 c5 13. Nde2 Bc6 14. Qd2 f5 15. Rad1 Qa5 16. Bb2 fxe4 17. Nd5 Qd8 18. Bxg7 Kxg7 19. Nef4 Bxd5 20. cxd5 Rxf4 21. Qxf4 Ng8 22. Rfe1 Qf6 23. Qxe4 Nd7 24. h4 Ne5 25. f4 Nf7 26. Bh3 Qb2 27. Re2 Qc3 28. Qe3 Qa5 29. g4 Nf6 30. g5 Nh5 31. Bg4 Qb4 32. Bxh5 gxh5 33. Qf3 a5 34. Re4 Qb6 35. Kh2 a4 36. Rde1 c4 37. bxc4 Qb2+ 38. R1e2 Qc1 39. Qxh5 Rf8 40. Rg2 Ne5 41. g6 hxg6 42. fxe5 1-0

[Event "BCF-chT2 0102 (4NCL)"]
[Site "Birmingham"]
[Date "2001.11.25"]
[Round "4.2"]
[White "Tarifa, Alket"]
[Black "Lock, Gavin R"]
[Result "1/2-1/2"]
[WhiteElo "2249"]
[BlackElo "2153"]
[PlyCount "112"]
[EventDate "2001.09.22"]
[EventType "team"]
[EventRounds "11"]
[EventCountry "ENG"]
[SourceTitle "EXT 2003"]
[Source "ChessBase"]
[SourceDate "2002.11.25"]
[SourceVersion "1"]
[SourceVersionDate "2002.11.25"]
[SourceQuality "1"]
[WhiteTeam "Slough II"]
[BlackTeam "Beeson Gregory III"]
[WhiteTeamCountry "ENG"]
[BlackTeamCountry "ENG"]

1. e4 e6 2. d4 d5 3. Nd2 c5 4. Ngf3 Nf6 5. e5 Nfd7 6. c3 Nc6 7. Be2 cxd4 8. cxd4 Qb6 9. Nb3 a5 10. a4 Bb4+ 11. Kf1 0-0 12. Be3 f6 13. exf6 Nxf6 14. h3 Bd7 15. g3 Bd6 16. Kg2 Ne4 17. Nbd2 Rac8 18. Nxe4 dxe4 19. Nd2 Nb4 20. Nxe4 Nc2 21. Nxd6 Qxd6 22. Qd2 Bc6+ 23. Kh2 Nxa1 24. Rxa1 Qd5 25. Rg1 Bxa4 26. Bd3 Rfd8 27. Qe2 Bb3 28. Qg4 Bc2 29. Be2 Bf5 30. Qf4 Qe4 31. Qg5 h6 32. Qh5 Rc2 33. Re1 Qd5 34. b3 Qxb3 35. Bd1 Qc3 36. Bxc2 Qxc2 37. Rc1 Qe4 38. Rc7 Bg6 39. Qxa5 Rd5 40. Qb4 Qf5 41. Qxb7 Qf6 42. Rc8+ Rd8 43. Rc7 Bd3 44. Qb4 Be4 45. Qe7 Qxe7 46. Rxe7 Bd5 47. g4 Rf8 48. f4 Rf7 49. Re8+ Rf8 50. Rxf8+ Kxf8 51. f5 exf5 52. gxf5 Be4 53. f6 h5 54. fxg7+ Kxg7 55. Kg3 Kf6 56. Kf4 Bg2 1/2-1/2

[Event "BCF-chT2 0001 (4NCL)"]
[Site "Birmingham"]
[Date "2001.05.05"]
[Round "9.2"]
[White "Rossiter, Philip J"]
[Black "Tarifa, Alket"]
[Result "1-0"]
[WhiteElo "2361"]
[BlackElo "2200"]
[PlyCount "49"]
[EventDate "2000.11.26"]
[EventType "team"]
[EventRounds "11"]
[EventCountry "ENG"]
[SourceTitle "CBM 079 Extra"]
[Source "ChessBase"]
[SourceDate "2001.01.11"]
[SourceVersion "2"]
[SourceVersionDate "2001.01.25"]
[SourceQuality "1"]
[WhiteTeam "Wessex"]
[BlackTeam "Slough II"]
[WhiteTeamCountry "ENG"]
[BlackTeamCountry "ENG"]

1. e4 c6 2. d4 d5 3. Nc3 dxe4 4. Nxe4 Bf5 5. Ng3 Bg6 6. h4 h6 7. Nf3 Nd7 8. h5 Bh7 9. Bd3 Bxd3 10. Qxd3 Ngf6 11. Bd2 e6 12. 0-0-0 Qc7 13. Ne4 Nxe4 14. Qxe4 0-0-0 15. g3 Nf6 16. Qe2 Bd6 17. Ne5 c5 18. Rh4 Kb8 19. Nc4 Ka8 20. Ba5 b6 21. Bd2 cxd4 22. Rxd4 Nd5 23. Nxd6 Qxd6 24. c4 Qc6 25. Bc3 1-0

[Event "BCF-chT2 0001 (4NCL)"]
[Site "Birmingham"]
[Date "2001.03.18"]
[Round "8.1"]
[White "Haydon, Richard"]
[Black "Tarifa, Alket"]
[Result "1/2-1/2"]
[WhiteElo "2191"]
[BlackElo "2200"]
[PlyCount "36"]
[EventDate "2000.11.26"]
[EventType "team"]
[EventRounds "11"]
[EventCountry "ENG"]
[SourceTitle "CBM 079 Extra"]
[Source "ChessBase"]
[SourceDate "2001.01.11"]
[SourceVersion "2"]
[SourceVersionDate "2001.01.25"]
[SourceQuality "1"]
[WhiteTeam "WIT"]
[BlackTeam "Slough II"]
[WhiteTeamCountry "ENG"]
[BlackTeamCountry "ENG"]

1. g3 d5 2. Nf3 c6 3. Bg2 h6 4. 0-0 Bf5 5. b3 e6 6. Bb2 Nf6 7. d3 Nbd7 8. Nbd2 Bd6 9. e4 Bg4 10. Qe1 Bc5 11. h3 Bxf3 12. Nxf3 0-0 13. Qe2 Re8 14. Kh1 Qc7 15. Nh4 Be7 16. f4 dxe4 17. dxe4 Nh7 18. Nf3 Nhf6 1/2-1/2

[Event "BCF-chT2 0001 (4NCL)"]
[Site "Birmingham"]
[Date "2001.03.17"]
[Round "7.1"]
[White "Tarifa, Alket"]
[Black "Pein, Malcolm"]
[Result "0-1"]
[WhiteElo "2200"]
[BlackElo "2424"]
[PlyCount "96"]
[EventDate "2000.11.26"]
[EventType "team"]
[EventRounds "11"]
[EventCountry "ENG"]
[SourceTitle "CBM 079 Extra"]
[Source "ChessBase"]
[SourceDate "2001.01.11"]
[SourceVersion "2"]
[SourceVersionDate "2001.01.25"]
[SourceQuality "1"]
[WhiteTeam "Slough II"]
[BlackTeam "Wood Green II"]
[WhiteTeamCountry "ENG"]
[BlackTeamCountry "ENG"]

1. e4 d6 2. d4 g6 3. Bd3 Bg7 4. Ne2 Nc6 5. c3 e5 6. d5 Nce7 7. Be3 f5 8. f3 Nf6 9. c4 0-0 10. Nbc3 f4 11. Bf2 g5 12. Qb3 g4 13. 0-0-0 Ng6 14. Na4 b6 15. Nec3 Bh6 16. Kb1 Kh8 17. Be2 Bg5 18. a3 gxf3 19. gxf3 Bh4 20. Bxh4 Nxh4 21. Rhg1 Rg8 22. Na2 a5 23. Qd3 Ng2 24. N4c3 Nd7 25. b4 Ba6 26. Nb5 axb4 27. axb4 Bxb5 28. cxb5 Ra4 29. Qb3 Ra7 30. Nc3 Qh4 31. Kb2 Ne3 32. Ra1 Rxg1 33. Rxa7 Qe1 34. Qa2 Rg2 35. Kb3 Nd1 36. Bxd1 Rxa2 37. Rxa2 Kg7 38. Ra7 Kf7 39. Rxc7 Ke7 40. Rc6 Qh1 41. h4 Qxh4 42. Rc8 Qh1 43. Rh8 Nf6 44. Rb8 Qg1 45. Rh8 h5 46. Be2 Kf7 47. Rd8 h4 48. Rh8 Qe1 0-1

[Event "BCF-chT 0001 (4NCL)"]
[Site "Birmingham"]
[Date "2001.01.27"]
[Round "5.8"]
[White "Tarifa, Alket"]
[Black "Bellin, Jana"]
[Result "0-1"]
[WhiteElo "2200"]
[BlackElo "2187"]
[PlyCount "84"]
[EventDate "2000.09.??"]
[EventType "team"]
[EventRounds "11"]
[EventCountry "ENG"]
[SourceTitle "EXT 2002"]
[Source "ChessBase"]
[SourceDate "2001.11.25"]
[SourceVersion "1"]
[SourceVersionDate "2001.11.25"]
[SourceQuality "1"]
[WhiteTeam "Slough"]
[BlackTeam "IND II"]
[WhiteTeamCountry "ENG"]
[BlackTeamCountry "ENG"]

1. e4 c5 2. c3 e6 3. d4 d5 4. exd5 exd5 5. Bb5+ Nc6 6. Ne2 Bd6 7. 0-0 Nge7 8. dxc5 Bxc5 9. b4 Bb6 10. Nd4 0-0 11. Be3 Bd7 12. Be2 Re8 13. Bf3 Ne5 14. Be2 N7c6 15. Na3 Rc8 16. Nab5 Nxd4 17. cxd4 Bxb5 18. Bxb5 Nc6 19. Rc1 Re6 20. Bd3 g6 21. Qg4 h5 22. Qg3 Bc7 23. f4 Qe7 24. Rce1 Re8 25. Bf2 Qf6 26. Be3 Nxb4 27. Bb5 R8e7 28. Qf2 Qf5 29. Qd2 Ba5 30. Re2 a6 31. Ba4 Qd3 32. Qxd3 Nxd3 33. Rf3 Bb6 34. Kf1 Nxf4 35. Rxf4 Rxe3 36. Rxe3 Rxe3 37. Kf2 Re7 38. Bb3 Rd7 39. Ke3 Bc7 40. Rh4 Kg7 41. Kf3 Kh6 42. g4 Kg5 0-1

[Event "BCF-chT2 0001 (4NCL)"]
[Site "Birmingham"]
[Date "2000.11.25"]
[Round "3.3"]
[White "Tarifa, Alket"]
[Black "McMichael, Richard"]
[Result "1-0"]
[WhiteElo "2200"]
[BlackElo "2261"]
[PlyCount "59"]
[EventDate "2000.11.26"]
[EventType "team"]
[EventRounds "11"]
[EventCountry "ENG"]
[SourceTitle "CBM 079 Extra"]
[Source "ChessBase"]
[SourceDate "2001.01.11"]
[SourceVersion "2"]
[SourceVersionDate "2001.01.25"]
[SourceQuality "1"]
[WhiteTeam "Slough II"]
[BlackTeam "Kigns Head"]
[WhiteTeamCountry "ENG"]
[BlackTeamCountry "ENG"]

1. e4 e6 2. d4 d5 3. Nd2 dxe4 4. Nxe4 Bd7 5. Nf3 Bc6 6. Bd3 Nd7 7. 0-0 Ngf6 8. Qe2 Bxe4 9. Bxe4 Nxe4 10. Qxe4 c6 11. Bg5 Be7 12. Bxe7 Qxe7 13. c4 0-0 14. Rfe1 Rad8 15. Rad1 a5 16. b3 Qb4 17. Qc2 Nf6 18. Qd2 Qb6 19. Re5 Ra8 20. Qf4 h6 21. g4 Nd7 22. Rh5 Nf6 23. Rh3 Nh7 24. g5 Nxg5 25. Nxg5 hxg5 26. Qxg5 f6 27. Qg6 Rad8 28. Rdd3 Rxd4 29. Rdg3 Rf7 30. Rh8+ 1-0